Представление документа в формате RUSMARC

ПолеНазваниеЗначение
  Тип записи a
  Библиографический уровень m
001 Контрольный номер RU/IS/BASE/534944140
005 Дата корректировки 20201206205034.6
010 Индекс ISBN __
a ISBN 978-5-394-02412-2 (в пер.)
d Цена 439-57
100 Данные общей обработки __
a Данные общей обработки 19161213d2015||||||| 0rusy0189 ca
101 Язык документа 0_
a Язык текста rus
102 Страна публикации __
a Страна публикации ru|
105 Кодированные данные (монография) __
a Кодированные данные (монография) a|||#|||000zy
200 Заглавие и сведения об ответственности 1_
a Заглавие Экономика
e Сведения, относящиеся к заглавию учебник для студентов высших учебных заведений, обучающихся по укрупненной группе направлений подготовки 30.00.00 "Экономика и управление" (квалификация (степень) "бакалавр")
f Первые сведения об ответственности С. У. Нуралиев, Д. С. Нуралиева
b Общее обозначение материала Текст
210 Выходные данные __
a Место издания Москва
c Издательство Дашков и К°
d Дата издания 2015
215 Физическое описание __
a Объем 430 с.
d Формат 22 см
225 Серия __
a Серия Серия "Учебные издания для бакалавров "
i Наименование части Бакалавриат
300 Общие примечания __
a Общие примечания 700 экз.
320 Библиография __
a Библиография Библиогр.: с. 428-430 (40 назв.)
330 Аннотация __
a Аннотация В учебнике излагаются вопросы эффективного функционирования рыночной экономики, основные задачи и направления развития предприятия в условиях рынка, проблемы планирования хозяйственной деятельности и повышения эффективности использования ресурсов на уровне предприятия. Рассмотрены вопросы макроэкономического равновесия и макроэкономического регулирования рынка, проблемы инфляции и безработицы, особенности кредитно-денежной и налогово-бюджетной политики государства на макроэкономическом уровне. Для студентов бакалавриата, обучающихся по укрупненной группе направлений подготовки "Экономика и управление", а также для руководителей и специалистов предприятий и организаций, органов государственной власти и общественных организаций.
606 Тематические рубрики __
a Основная рубрика Экономика
606 Тематические рубрики __
a Основная рубрика Общая экономическая теория
610 Ключевые слова __
a Ключевые слова анализ потребительского спроса
a Ключевые слова банковская система
a Ключевые слова благосостояние
a Ключевые слова валютные рынки
a Ключевые слова государственное регулирование
a Ключевые слова деловые циклы
a Ключевые слова деньги
a Ключевые слова инвестиции
a Ключевые слова инвесторы
a Ключевые слова индексы цен
a Ключевые слова кейнсианская модель
a Ключевые слова конкурентные рынки
a Ключевые слова макроэкономика
a Ключевые слова макроэкономические модели
a Ключевые слова международная торговля
a Ключевые слова монопольные рынки
a Ключевые слова научно-технический прогресс
a Ключевые слова несовершенная конкуренция
a Ключевые слова общественное благосостояние
a Ключевые слова организация производства
a Ключевые слова политика предприятий
a Ключевые слова потребительские предпочтения
a Ключевые слова предприятия
a Ключевые слова производственная политика предприятий
a Ключевые слова проценты
a Ключевые слова риски
a Ключевые слова рынок
a Ключевые слова система национальных счетов
a Ключевые слова социальное неравенство
a Ключевые слова стабилизационная политика
a Ключевые слова теория полезности
a Ключевые слова теория потребления
a Ключевые слова теория производства
a Ключевые слова теория рынков
a Ключевые слова теория спроса
a Ключевые слова технико-экономическое моделирование производство
a Ключевые слова управление рисками
a Ключевые слова уровень жизни
a Ключевые слова финансовые показатели
a Ключевые слова финансовый рынок
a Ключевые слова экономические модели
a Ключевые слова экономические проблемы
a Ключевые слова экономический рост
a Ключевые слова экономическое равновесие
a Ключевые слова эффективность рынка
686 Индексы других классификаций __
2 Код системы rubbks
a Классификационный индекс 65.01я73
700 Автор _1
a Фамилия Нуралиев
b Имя С. У.
g Полное личное имя Сиражудин Урцмиевич
4 Код отношения 070
701 Альтернативная интеллектуальная ответственность _1
a Фамилия Нуралиева
b Имя Д. С.
g Полное личное имя Диана Сиражудиновна
4 Код отношения 070
801 Источник записи _0
a Страна ru
b Организация Муниципальное бюджетное учреждение культуры "Централизованная библиотечная система" г. Сургут (Центральная городская библиотека им. А. С. Пушкина)
c Дата составления 20161213
g Правила каталогизации КиК/Коробейникова
801 Источник записи _1
a Страна ru
b Организация Муниципальное бюджетное учреждение культуры "Централизованная библиотечная система" г. Сургут (Центральная городская библиотека им. А. С. Пушкина)
c Дата составления 20161213
g Правила каталогизации КиК/Коробейникова
852 Данные о местонахождении __
j Шифр хранения 65.01я73
i Авторский знак Н 90
901 Тип документа __
t Тип документа m
903 Характеристики (МАРС) __
a Дата передачи 20161213
969 Тип издания __
a Тип издания учебник
990 Данные о заказе (DOS) __
j Количество экземпляров (DOS) 2
t N записи в КСУ для И/У (DOS) 201701